| 000 | 00819nam a2200193Ia 4500 | ||
|---|---|---|---|
| 008 | 151119s9999||||xx |||||||||||||| ||und|| | ||
| 082 | _a925 | ||
| 082 | _bGKKV9006 | ||
| 100 | _aसोवनी रा वि | ||
| 245 | _aआयसँक न्यूटन ( विश्वाला गवसणी घालणारा प्रज्ञावंत) | ||
| 260 | _a-- | ||
| 260 | _b-- | ||
| 260 | _c1991 | ||
| 600 | _aसोवनी रा वि | ||
| 630 | _aआयसँक न्यूटन ( विश्वाला गवसणी घालणारा प्रज्ञावंत) | ||
| 700 | _aसोवनी रा वि | ||
| 730 | _aआयसँक न्यूटन ( विश्वाला गवसणी घालणारा प्रज्ञावंत) | ||
| 942 | _cBOOK | ||
| 999 |
_c1063365 _d1063362 |
||